[Event "DEM U16 2010"]
[Site "Oberhof GER"]
[Date "2010.05.23"]
[Round "1"]
[White "Kotainy, Jens"]
[Black "Hampel, Felix"]
[Result "1-0"]
[Termination "normal"]
[Board "1"]
[WhiteElo "2243"]
[BlackElo "2038"]
[PlyCount "81"]
[WhiteFideId "24670499"]
[BlackFideId "24668125"]
[EventCountry "GER"]
[EventRounds "9"]
[EventType "swiss"]
[EventDate "2010.05.22"]

1. e4 e5 2. Bc4 Nf6 3. d4 exd4 4. Nf3 Nc6 5. O-O Bc5 6. e5 Ng4 7. h3 Nh6 8. Re1
O-O 9. Bxh6 gxh6 10. Nbd2 d5 11. Bb5 Na5 12. a3 a6 13. Bd3 Bb6 14. Nf1 c5 15.
b4 Nc6 16. bxc5 Bxc5 17. Qd2 f5 18. Qxh6 Qe7 19. Ng3 Qe6 20. Qf4 Ne7 21. Ne2
Ng6 22. Qh6 Qe7 23. Nexd4 Bxa3 24. e6 Bb2 25. Rab1 Bxd4 26. Nxd4 Qf6 27. Nxf5
b5 28. Qe3 Re8 29. Nh6+ Kg7 30. Ng4 Qf4 31. Qb6 Rb8 32. Qc6 Bb7 33. Qc5 Rbc8
34. Qb6 Re7 35. g3 Qg5 36. Qd4+ Kf8 37. h4 Qh5 38. Qf6+ Ke8 39. Re5 Qxg4 40.
Bxg6+ Kd8 41. Qf8+ 1-0

[Event "DEM U16 2010"]
[Site "Oberhof GER"]
[Date "2010.05.23"]
[Round "1"]
[White "Bräuer, Franz"]
[Black "Berchtenbreiter, Maximilian"]
[Result "1-0"]
[Termination "normal"]
[Board "2"]
[WhiteElo "1993"]
[BlackElo "2262"]
[PlyCount "51"]
[WhiteFideId "24634468"]
[BlackFideId "24641120"]
[EventCountry "GER"]
[EventRounds "9"]
[EventType "swiss"]
[EventDate "2010.05.22"]

1. e4 c5 2. Nf3 Nf6 3. e5 Nd5 4. Nc3 Nxc3 5. dxc3 e6 6. Bf4 b6 7. Qd2 Bb7 8.
Be2 Nc6 9. O-O-O Qc7 10. Rhe1 O-O-O 11. Ng5 f6 12. exf6 e5 13. Bg3 h5 14. Nf7
h4 15. Nxh8 hxg3 16. Nf7 gxf2 17. Rf1 d5 18. Bg4+ Kb8 19. Nxd8 Nxd8 20. Qxf2
gxf6 21. Qxf6 Bg7 22. Qg6 e4 23. h4 Ba6 24. Rf5 d4 25. Rd5 d3 26. Qxe4 1-0

[Event "DEM U16 2010"]
[Site "Oberhof GER"]
[Date "2010.05.23"]
[Round "1"]
[White "Hager, Joshua Aarash"]
[Black "Kropman, Alexei"]
[Result "0-1"]
[Termination "normal"]
[Board "3"]
[WhiteElo "2221"]
[BlackElo "1980"]
[PlyCount "128"]
[WhiteFideId "24642789"]
[BlackFideId "24670723"]
[EventCountry "GER"]
[EventRounds "9"]
[EventType "swiss"]
[EventDate "2010.05.22"]

1. e4 e6 2. d4 d5 3. Nd2 c5 4. exd5 exd5 5. Ngf3 Nc6 6. Bb5 Bd6 7. dxc5 Bxc5 8.
O-O Nge7 9. Nb3 Bd6 10. c3 O-O 11. Bd3 Bf5 12. Bg5 Bxd3 13. Qxd3 f6 14. Bh4 Qd7
15. Rad1 Kh8 16. Nfd4 Ne5 17. Qb5 Qg4 18. Bg3 a6 19. Qe2 Qxe2 20. Nxe2 g5 21.
Nbd4 Rfe8 22. Nc1 Rac8 23. Rfe1 N7g6 24. Nf5 Bb8 25. Kf1 Red8 26. Re2 Rd7 27.
Nd3 Nxd3 28. Rxd3 Bxg3 29. hxg3 Ne5 30. Rd1 h5 31. Ne3 Nc4 32. Nxc4 Rxc4 33.
Red2 Rc5 34. Rd4 b5 35. R1d3 Kg7 36. Ke2 Kf7 37. Re3 Re7 38. Rd1 Re5 39. f4
Rxe3+ 40. Kxe3 gxf4+ 41. gxf4 Ke6 42. g3 Rc4 43. a3 a5 44. Rd4 Rxd4 45. Kxd4
Kf5 46. a4 bxa4 47. Kxd5 Kg4 48. c4 Kxg3 49. c5 h4 50. c6 h3 51. c7 h2 52. c8=Q
h1=Q+ 53. Ke6 Qe4+ 54. Kxf6 Qxf4+ 55. Ke7 Qb4+ 56. Kf7 Qxb2 57. Qc7+ Kf3 58.
Qc6+ Ke3 59. Qxa4 Qb4 60. Qe8+ Kd3 61. Qd7+ Kc3 62. Qh3+ Kb2 63. Qg2+ Ka3 64.
Kg7 Qb2+ 0-1

[Event "DEM U16 2010"]
[Site "Oberhof GER"]
[Date "2010.05.23"]
[Round "1"]
[White "Titgemeyer, Sven"]
[Black "Friedrich, Wiede"]
[Result "0-1"]
[Termination "normal"]
[Board "4"]
[WhiteElo "1957"]
[BlackElo "2138"]
[PlyCount "32"]
[WhiteFideId "24676934"]
[BlackFideId "24629537"]
[EventCountry "GER"]
[EventRounds "9"]
[EventType "swiss"]
[EventDate "2010.05.22"]

1. e4 c5 2. Nf3 d6 3. d4 cxd4 4. Nxd4 Nf6 5. Nc3 a6 6. Bg5 e6 7. f4 h6 8. Bh4
Qb6 9. Qd2 Qxb2 10. Rb1 Qa3 11. e5 dxe5 12. fxe5 Nd5 13. Nxd5 exd5 14. c4 Nc6
15. Nxc6 bxc6 16. cxd5 Qa4 0-1

[Event "DEM U16 2010"]
[Site "Oberhof GER"]
[Date "2010.05.23"]
[Round "1"]
[White "Mons, Leon"]
[Black "Kügel, Tobias"]
[Result "1-0"]
[Termination "normal"]
[Board "5"]
[WhiteElo "2167"]
[BlackElo "1939"]
[PlyCount "57"]
[WhiteFideId "4614950"]
[BlackFideId "4636295"]
[EventCountry "GER"]
[EventRounds "9"]
[EventType "swiss"]
[EventDate "2010.05.22"]

1. e4 e5 2. Bc4 Nf6 3. d3 d5 4. exd5 Nxd5 5. Nf3 Nc6 6. O-O Be7 7. Re1 O-O 8.
Nxe5 Nxe5 9. Rxe5 Nf6 10. h3 Bd6 11. Re1 Ng4 12. hxg4 Qh4 13. Re4 Qh2+ 14. Kf1
Qh1+ 15. Ke2 Qxg2 16. Ke3 g5 17. Qf3 Bf4+ 18. Rxf4 gxf4+ 19. Qxf4 Be6 20. b3 b6
21. Bb2 Rfe8 22. Kd2 Bxc4 23. bxc4 Re6 24. Nc3 Rae8 25. Ne4 Rxe4 26. dxe4 Rxe4
27. Qf6 Re2+ 28. Kxe2 Qe4+ 29. Kd2 1-0

[Event "DEM U16 2010"]
[Site "Oberhof GER"]
[Date "2010.05.23"]
[Round "1"]
[White "Frischmann, Rick"]
[Black "Sarchisov, Slavik"]
[Result "0-1"]
[Termination "normal"]
[Board "6"]
[WhiteElo "1948"]
[BlackElo "2102"]
[PlyCount "78"]
[WhiteFideId "24660752"]
[BlackFideId "24647888"]
[EventCountry "GER"]
[EventRounds "9"]
[EventType "swiss"]
[EventDate "2010.05.22"]

1. e4 c5 2. d4 cxd4 3. c3 dxc3 4. Nxc3 Nc6 5. Nf3 d6 6. Bc4 a6 7. Bg5 Nf6 8.
Bxf6 gxf6 9. O-O e6 10. Kh1 Bd7 11. Nd4 Qb6 12. Nxc6 bxc6 13. Bb3 Rg8 14. f4
Be7 15. Qh5 Rg7 16. Qh6 Kf8 17. Rad1 Kg8 18. e5 fxe5 19. fxe5 d5 20. Rd3 Qb4
21. Rf4 Qb8 22. Qh5 f5 23. Qe2 Qc7 24. Rg3 Rxg3 25. hxg3 Kh8 26. g4 Bg5 27. Rf3
f4 28. Bc2 Be8 29. Rh3 h6 30. Qd3 Ra7 31. Qe2 c5 32. Rf3 d4 33. Nd1 Bc6 34. Rh3
Ra8 35. Qd3 Ra7 36. Qg6 Qxe5 37. Nf2 Rg7 38. Nd3 Qe2 39. Nxf4 Qe1+ 0-1

[Event "DEM U16 2010"]
[Site "Oberhof GER"]
[Date "2010.05.23"]
[Round "1"]
[White "Zimmermann, Ulrich"]
[Black "Hötte, Philipp"]
[Result "1-0"]
[Termination "normal"]
[Board "7"]
[WhiteElo "2022"]
[BlackElo "1942"]
[PlyCount "79"]
[WhiteFideId "24654523"]
[BlackFideId "24696390"]
[EventCountry "GER"]
[EventRounds "9"]
[EventType "swiss"]
[EventDate "2010.05.22"]

1. d4 Nf6 2. Bg5 Ne4 3. Bf4 c5 4. f3 Nf6 5. dxc5 Nc6 6. e4 Qa5+ 7. Qd2 Qxc5 8.
Nc3 d6 9. Be3 Qb4 10. a3 Qa5 11. Bc4 Ne5 12. Bb5+ Bd7 13. Bxd7+ Nfxd7 14. Qd5
Qxd5 15. Nxd5 Rc8 16. O-O-O Nc4 17. Bd4 e6 18. Ne3 Be7 19. Nxc4 Rxc4 20. b3 Rc7
21. Kb2 O-O 22. Ne2 Rfc8 23. Rd2 b5 24. h4 a5 25. g3 Ne5 26. Bxe5 dxe5 27. Rhd1
g6 28. c3 b4 29. axb4 axb4 30. c4 Bc5 31. Rd8+ Kg7 32. Rxc8 Rxc8 33. Rd7 Bf2
34. Kc2 Ra8 35. Rb7 Ra2+ 36. Kd3 Be1 37. c5 Rd2+ 38. Ke3 Rc2 39. Rb5 Kf6 40. f4
1-0

[Event "DEM U16 2010"]
[Site "Oberhof GER"]
[Date "2010.05.23"]
[Round "1"]
[White "Müller, Tobias"]
[Black "Mertens, Fridolin"]
[Result "1-0"]
[Termination "normal"]
[Board "8"]
[WhiteElo "1998"]
[BlackElo "1877"]
[PlyCount "81"]
[WhiteFideId "24643394"]
[BlackFideId "24671940"]
[EventCountry "GER"]
[EventRounds "9"]
[EventType "swiss"]
[EventDate "2010.05.22"]

1. c4 c5 2. g3 g6 3. Bg2 Bg7 4. Nc3 Nc6 5. a3 d6 6. Rb1 a5 7. d3 Nf6 8. e4 O-O
9. Nge2 Ne8 10. O-O Nc7 11. Be3 Nd4 12. b4 axb4 13. axb4 Ra6 14. f4 b6 15. Qd2
f5 16. b5 Ra3 17. Bxd4 cxd4 18. Na2 e5 19. Nb4 Bb7 20. Nc6 Qa8 21. exf5 gxf5
22. fxe5 dxe5 23. Ne7+ Kh8 24. Bxb7 Qxb7 25. Nxf5 Ne6 26. Nxg7 Qxg7 27. Rxf8+
Qxf8 28. Rf1 Qe7 29. Nc1 Nc5 30. Qh6 Kg8 31. Qxb6 Nxd3 32. Nxd3 Rxd3 33. Qb8+
Kg7 34. Ra1 Kf6 35. Qh8+ Kg5 36. b6 Rb3 37. c5 Rb5 38. Qg8+ Kh6 39. Ra7 Rb1+
40. Kg2 Rb2+ 41. Kh3 1-0

[Event "DEM U16 2010"]
[Site "Oberhof GER"]
[Date "2010.05.23"]
[Round "1"]
[White "Grzeca, Pascal"]
[Black "Dünzel, Jonas"]
[Result "0-1"]
[Termination "normal"]
[Board "9"]
[WhiteElo "1887"]
[BlackElo "2037"]
[PlyCount "92"]
[WhiteFideId "24600741"]
[BlackFideId "24631167"]
[EventCountry "GER"]
[EventRounds "9"]
[EventType "swiss"]
[EventDate "2010.05.22"]

1. e4 c5 2. Nf3 d6 3. d4 cxd4 4. Nxd4 Nf6 5. Nc3 a6 6. Be2 e5 7. Nb3 Be7 8. O-O
O-O 9. Qd3 Be6 10. Nd5 Nxd5 11. exd5 Bc8 12. f4 Nd7 13. c4 f5 14. Be3 e4 15.
Qd2 h6 16. Rac1 Nc5 17. Nd4 a5 18. Nb5 Qb6 19. a3 a4 20. Bd1 Bd7 21. Qb4 Rfc8
22. Be2 Qa5 23. Rfd1 Qxb4 24. axb4 Nb3 25. Na7 Nxc1 26. Rxc1 Rf8 27. c5 Rxa7
28. cxd6 Bxd6 29. Bxa7 Bxf4 30. Rf1 Be5 31. Bc5 Rf6 32. Bc4 b5 33. Ba2 Bxb2 34.
Rf2 a3 35. Rc2 f4 36. Be7 Rf5 37. Rc7 Bd4+ 38. Kf1 f3 39. d6+ Kh7 40. Rxd7
fxg2+ 41. Kxg2 Rf2+ 42. Kh3 Rxa2 43. Rb7 Rd2 44. d7 a2 45. d8=Q a1=Q 46. Qf8
Qc3+ 0-1

[Event "DEM U16 2010"]
[Site "Oberhof GER"]
[Date "2010.05.23"]
[Round "1"]
[White "Wenninger, Philipp"]
[Black "Brodmann, Anton"]
[Result "1-0"]
[Termination "normal"]
[Board "10"]
[WhiteElo "1996"]
[BlackElo "1844"]
[PlyCount "113"]
[WhiteFideId "4648404"]
[BlackFideId "24655481"]
[EventCountry "GER"]
[EventRounds "9"]
[EventType "swiss"]
[EventDate "2010.05.22"]

1. d4 e6 2. c4 d5 3. Nc3 Nf6 4. cxd5 exd5 5. Bg5 Be7 6. e3 O-O 7. Bd3 Nbd7 8.
Nf3 c6 9. Qc2 Re8 10. h3 Ne4 11. Bxe4 dxe4 12. Nxe4 Nb6 13. Bxe7 Qxe7 14. Nc3
Qf6 15. O-O Bxh3 16. Rfe1 Bf5 17. e4 Bg6 18. Qb3 Re7 19. Re3 Rae8 20. Rae1 Bh5
21. Qb4 h6 22. a4 Bxf3 23. Rxf3 Qe6 24. Rd1 Qc8 25. Rg3 Qd8 26. a5 Nd5 27. Nxd5
cxd5 28. e5 Rc7 29. Rc3 Rxc3 30. Qxc3 b6 31. b4 f6 32. f4 Qc8 33. Rc1 Qg4 34.
Qc6 Rd8 35. Qc7 Rd7 36. Qb8+ Kh7 37. Rf1 bxa5 38. bxa5 Qg3 39. Qb1+ Kg8 40. Rf3
Qg4 41. Qb3 Kh8 42. Qe3 Qf5 43. Qd3 Qe4 44. Kf2 Rb7 45. Qxe4 dxe4 46. Rc3 Kg8
47. Ke3 f5 48. e6 Kf8 49. d5 Ke7 50. a6 Rb6 51. Rc7+ Ke8 52. Rxa7 g5 53. Ra8+
Ke7 54. a7 Rb3+ 55. Kd4 Ra3 56. Ke5 Ra5 57. Rh8 1-0

[Event "DEM U16 2010"]
[Site "Oberhof GER"]
[Date "2010.05.23"]
[Round "1"]
[White "Schmitz, Stefan"]
[Black "Pauly, Carlo"]
[Result "0-1"]
[Termination "normal"]
[Board "11"]
[WhiteElo "1908"]
[BlackElo "2040"]
[PlyCount "64"]
[WhiteFideId "4625730"]
[BlackFideId "24673269"]
[EventCountry "GER"]
[EventRounds "9"]
[EventType "swiss"]
[EventDate "2010.05.22"]

1. e4 c5 2. Nf3 d6 3. d4 cxd4 4. Nxd4 Nf6 5. Nc3 a6 6. f3 e6 7. Be3 Nbd7 8. Qd2
Qc7 9. O-O-O b5 10. g4 Nb6 11. h4 Nfd7 12. Rg1 Ne5 13. b3 d5 14. f4 Bb4 15.
Bxb5+ Kf8 16. fxe5 Bxc3 17. Qd3 dxe4 18. Qxe4 axb5 19. b4 Nd5 20. Nb3 Rxa2 21.
Bc5+ Kg8 22. Rgf1 Qxe5 23. Qf3 Qf6 24. Qg3 Qe5 25. Qf3 f6 26. g5 Bb2+ 27. Kd2
Qc3+ 28. Qxc3 Bxc3+ 29. Kd3 Kf7 30. Na5 Bxb4 31. Bxb4 Nxb4+ 32. Kc3 Nd5+ 0-1

[Event "DEM U16 2010"]
[Site "Oberhof GER"]
[Date "2010.05.23"]
[Round "1"]
[White "Miller, Eduard"]
[Black "Mirke, Roy"]
[Result "1-0"]
[Termination "normal"]
[Board "12"]
[WhiteElo "2033"]
[BlackElo "1797"]
[PlyCount "91"]
[WhiteFideId "24687022"]
[BlackFideId "24647306"]
[EventCountry "GER"]
[EventRounds "9"]
[EventType "swiss"]
[EventDate "2010.05.22"]

1. e4 e6 2. d4 d5 3. Nd2 Nf6 4. e5 Nfd7 5. Bd3 c5 6. c3 cxd4 7. cxd4 Nc6 8. Ne2
Qb6 9. Nf3 f6 10. exf6 Nxf6 11. O-O Bd6 12. b3 Bd7 13. Bb2 O-O 14. Rc1 Nb4 15.
Bb1 Qa6 16. a3 Bb5 17. Re1 Nd3 18. Bxd3 Bxd3 19. Ne5 Bf5 20. Ng3 Rac8 21. Nxf5
exf5 22. b4 Qb5 23. Qd3 Rxc1 24. Rxc1 Qxd3 25. Nxd3 Re8 26. Ne5 Ne4 27. Rc2 Ng5
28. f3 Ne6 29. Kf2 Nxd4 30. Bxd4 Bxe5 31. Bxe5 Rxe5 32. Rc7 Re6 33. Rxb7 Ra6
34. Ke3 Rxa3+ 35. Kd4 Ra2 36. Kxd5 g5 37. Ke5 f4 38. b5 a6 39. Kf6 a5 40. b6
Rc2 41. Rc7 Rb2 42. b7 Rb6+ 43. Kf5 Rb5+ 44. Kg4 Rb2 45. Rc8+ Kg7 46. b8=Q 1-0

[Event "DEM U16 2010"]
[Site "Oberhof GER"]
[Date "2010.05.23"]
[Round "1"]
[White "Planner, Jörg"]
[Black "Göbel, Constantin"]
[Result "0-1"]
[Termination "normal"]
[Board "13"]
[WhiteElo "1696"]
[BlackElo "2011"]
[PlyCount "84"]
[WhiteFideId "1270978"]
[BlackFideId "24647071"]
[EventCountry "GER"]
[EventRounds "9"]
[EventType "swiss"]
[EventDate "2010.05.22"]

1. e4 c5 2. c3 e6 3. d4 d5 4. exd5 exd5 5. Be3 cxd4 6. Bxd4 Nc6 7. Nf3 Bg4 8.
Be2 Nge7 9. O-O Nf5 10. Re1 Be7 11. Nbd2 O-O 12. h3 Bh5 13. Qb3 Rb8 14. Be5
Nxe5 15. Nxe5 Bxe2 16. Rxe2 Bc5 17. Ndf3 Ng3 18. Ree1 Ne4 19. Nd3 Bb6 20. Rad1
Qd6 21. Kf1 Rbd8 22. Re2 Rfe8 23. Qc2 Qc6 24. Rde1 Rf8 25. Nb4 Qc5 26. Nxd5
Ng3+ 27. fxg3 Rxd5 28. Re5 Rxe5 29. Rxe5 Qc4+ 30. Qe2 Qxa2 31. Re7 Qb1+ 32. Ne1
Qf5+ 33. Qf3 Qc5 34. Re4 f5 35. Rd4 Qb5+ 36. Rd3 Qxb2 37. Rd5 Qb3 38. Rxf5 Qc4+
39. Nd3 Rd8 40. Ke2 Qxc3 41. Rd5 Re8+ 42. Kd1 Qb3+ 0-1

[Event "DEM U16 2010"]
[Site "Oberhof GER"]
[Date "2010.05.23"]
[Round "1"]
[White "Wolf, Christoph"]
[Black "Braun, Georg"]
[Result "1/2-1/2"]
[Termination "normal"]
[Board "14"]
[WhiteElo "1980"]
[BlackElo "2074"]
[PlyCount "64"]
[WhiteFideId "24650633"]
[BlackFideId "24629383"]
[EventCountry "GER"]
[EventRounds "9"]
[EventType "swiss"]
[EventDate "2010.05.22"]

1. Nf3 c5 2. g3 Nc6 3. Bg2 g6 4. c4 Bg7 5. Nc3 e6 6. e3 Nge7 7. d4 cxd4 8. exd4
d5 9. cxd5 Nxd5 10. O-O O-O 11. Nxd5 exd5 12. Be3 Qb6 13. Qd2 Re8 14. Rfd1 Be6
15. Ng5 Rac8 16. Nxe6 fxe6 17. Rac1 Qa5 18. Qxa5 Nxa5 19. Kf1 Kf7 20. Ke2 Nc4
21. b3 Nd6 22. Kd3 Ke7 23. Rxc8 Rxc8 24. Rc1 Rxc1 25. Bxc1 Nf5 26. Be3 Kd6 27.
f4 Kc6 28. Bh3 Kb5 29. Bxf5 exf5 30. a3 Bf8 31. Bc1 Bd6 32. Kc2 a6 1/2-1/2

[Event "DEM U16 2010"]
[Site "Oberhof GER"]
[Date "2010.05.23"]
[Round "2"]
[White "Friedrich, Wiede"]
[Black "Wenninger, Philipp"]
[Result "1-0"]
[Termination "normal"]
[Board "2"]
[WhiteElo "2138"]
[BlackElo "1996"]
[PlyCount "63"]
[WhiteFideId "24629537"]
[BlackFideId "4648404"]
[EventCountry "GER"]
[EventRounds "9"]
[EventType "swiss"]
[EventDate "2010.05.22"]

1. e4 c6 2. d4 d5 3. e5 Bf5 4. Nf3 e6 5. Be2 Nd7 6. O-O Qb6 7. a3 f6 8. b4 fxe5
9. dxe5 c5 10. Be3 Qc7 11. bxc5 Bxc5 12. c4 Bxe3 13. fxe3 Ne7 14. Nc3 O-O 15.
Rc1 Nxe5 16. cxd5 Nxf3+ 17. Bxf3 Qb6 18. Qd4 exd5 19. Qxb6 axb6 20. Nxd5 Nc8
21. Nc7 Rxa3 22. Bd5+ Kh8 23. Nb5 Rxe3 24. Rxf5 Ree8 25. Rxf8+ Rxf8 26. Rc7 h5
27. Bxb7 Kh7 28. Rxc8 Rf4 29. Nd6 Kh6 30. Rc6 Ra4 31. Nf7+ Kh7 32. Ng5+ 1-0

[Event "DEM U16 2010"]
[Site "Oberhof GER"]
[Date "2010.05.23"]
[Round "2"]
[White "Pauly, Carlo"]
[Black "Mons, Leon"]
[Result "1/2-1/2"]
[Termination "normal"]
[Board "3"]
[WhiteElo "2040"]
[BlackElo "2167"]
[PlyCount "120"]
[WhiteFideId "24673269"]
[BlackFideId "4614950"]
[EventCountry "GER"]
[EventRounds "9"]
[EventType "swiss"]
[EventDate "2010.05.22"]

1. c4 Nf6 2. g3 g6 3. Bg2 Bg7 4. Nc3 O-O 5. d3 d6 6. e4 c5 7. Nge2 Nc6 8. O-O
Rb8 9. Rb1 a6 10. a4 Ne8 11. Be3 Bg4 12. h3 Bd7 13. d4 cxd4 14. Nxd4 Nc7 15.
Nd5 Nxd4 16. Bxd4 Bxa4 17. Qxa4 Bxd4 18. Qa5 Nxd5 19. Qxd8 Rfxd8 20. exd5 b5
21. Rfd1 Bf6 22. cxb5 axb5 23. b4 Ra8 24. Bf1 Rdb8 25. Rd2 Kf8 26. Rc2 Ke8 27.
h4 Kf8 28. Kg2 Kg7 29. Be2 h5 30. Bd3 Ra3 31. Be2 Bc3 32. Rbc1 Bxb4 33. Rb1 Ra4
34. Rcb2 Bc5 35. Bxb5 Rd4 36. Bc6 Rxb2 37. Rxb2 Kf6 38. Re2 Rd3 39. Bb7 Ra3 40.
Bc6 Rd3 41. Bb7 e6 42. dxe6 fxe6 43. Ba6 Rd4 44. Kf3 e5 45. Bc8 d5 46. Rc2 e4+
47. Ke2 Bd6 48. Rd2 Rxd2+ 49. Kxd2 Bc5 50. Ke2 d4 51. Bb7 d3+ 52. Kd2 Bb4+ 53.
Ke3 Bc5+ 54. Kd2 Ke5 55. f3 Bb4+ 56. Ke3 d2 57. Ke2 e3 58. Be4 Kf6 59. Bc2 Bc5
60. Ba4 g5 1/2-1/2

[Event "DEM U16 2010"]
[Site "Oberhof GER"]
[Date "2010.05.23"]
[Round "2"]
[White "Sarchisov, Slavik"]
[Black "Miller, Eduard"]
[Result "1/2-1/2"]
[Termination "normal"]
[Board "4"]
[WhiteElo "2102"]
[BlackElo "2033"]
[PlyCount "100"]
[WhiteFideId "24647888"]
[BlackFideId "24687022"]
[EventCountry "GER"]
[EventRounds "9"]
[EventType "swiss"]
[EventDate "2010.05.22"]

1. e4 e5 2. Nf3 d6 3. d4 exd4 4. Nxd4 Nf6 5. Nc3 Be7 6. Bc4 O-O 7. O-O c6 8. a4
Nxe4 9. Nxe4 d5 10. Bd3 dxe4 11. Bxe4 Bf6 12. Be3 Na6 13. c3 Nc5 14. Bxh7+ Kxh7
15. Qh5+ Kg8 16. Qxc5 Re8 17. Qh5 Re5 18. Qf3 Rd5 19. Rfd1 Bxd4 20. Rxd4 Rxd4
21. Bxd4 Qg5 22. Qe3 Qg6 23. Qe8+ Kh7 24. Qe7 Be6 25. Qh4+ Kg8 26. Re1 b6 27.
f3 c5 28. Bf2 Qf5 29. Bg3 f6 30. b4 Rd8 31. Qe4 Qxe4 32. Rxe4 Kf7 33. bxc5 bxc5
34. Bf2 Rd1+ 35. Re1 Rxe1+ 36. Bxe1 a5 37. Bf2 c4 38. Bb6 Bd7 39. Bxa5 Bxa4 40.
Kf2 Bc2 41. Ke3 Bd3 42. g4 f5 43. gxf5 Bxf5 44. Kf4 Bd3 45. Kg5 g6 46. f4 Bc2
47. h4 Ke6 48. Bb6 Bd3 49. Bd4 Bc2 50. Bh8 Bd3 1/2-1/2

[Event "DEM U16 2010"]
[Site "Oberhof GER"]
[Date "2010.05.23"]
[Round "2"]
[White "Göbel, Constantin"]
[Black "Zimmermann, Ulrich"]
[Result "1-0"]
[Termination "normal"]
[Board "5"]
[WhiteElo "2011"]
[BlackElo "2022"]
[PlyCount "73"]
[WhiteFideId "24647071"]
[BlackFideId "24654523"]
[EventCountry "GER"]
[EventRounds "9"]
[EventType "swiss"]
[EventDate "2010.05.22"]

1. e4 Nc6 2. d4 d5 3. Nc3 e5 4. Bb5 dxe4 5. d5 a6 6. Ba4 b5 7. Nxb5 axb5 8.
Bxb5 Nge7 9. dxc6 Qxd1+ 10. Kxd1 Nf5 11. Ne2 Bc5 12. Ke1 O-O 13. Bd2 Rd8 14.
Bc4 Ba6 15. Bxa6 Rxa6 16. b4 Bxf2+ 17. Kxf2 Rxd2 18. b5 Rb6 19. c4 Nd4 20. Rhe1
Nc2 21. a4 e3+ 22. Kf1 Nxa1 23. Rxa1 Rb8 24. a5 Kf8 25. b6 cxb6 26. c7 Rc8 27.
axb6 Rb2 28. c5 Ke7 29. Rd1 Rb5 30. Nc3 Rb2 31. Nd5+ Kd7 32. Nxe3+ Kc6 33. Rd6+
Kb7 34. Nd5 Rc2 35. Ne7 Rxc5 36. Nxc8 Kxc8 37. Rd8+ 1-0

[Event "DEM U16 2010"]
[Site "Oberhof GER"]
[Date "2010.05.23"]
[Round "2"]
[White "Berchtenbreiter, Maximilian"]
[Black "Wolf, Christoph"]
[Result "1/2-1/2"]
[Termination "normal"]
[Board "7"]
[WhiteElo "2262"]
[BlackElo "1980"]
[PlyCount "102"]
[WhiteFideId "24641120"]
[BlackFideId "24650633"]
[EventCountry "GER"]
[EventRounds "9"]
[EventType "swiss"]
[EventDate "2010.05.22"]

1. e4 e6 2. d4 d5 3. Nc3 Nf6 4. e5 Nfd7 5. f4 c5 6. Nf3 Nc6 7. Be3 a6 8. Qd2 b5
9. a3 Qb6 10. Be2 Bb7 11. O-O cxd4 12. Nxd4 Nxd4 13. Bxd4 Qxd4+ 14. Qxd4 Bc5
15. Rfd1 Bxd4+ 16. Rxd4 Nb8 17. Bf1 Nc6 18. Rd2 Ke7 19. Ne2 Rhc8 20. c3 Rc7 21.
Nd4 Nxd4 22. Rxd4 Bc6 23. Bd3 g6 24. g4 f6 25. exf6+ Kxf6 26. Re1 Re8 27. Re5
h6 28. g5+ hxg5 29. Rxg5 Rg7 30. Kg2 e5 31. Rxe5 Rxe5 32. fxe5+ Kxe5 33. h4 Bd7
34. Be2 Bf5 35. Kg3 Be6 36. Bf3 Rc7 37. Kf2 Rg7 38. Kg3 Rc7 39. Be2 Rb7 40. Rb4
Bc8 41. Bg4 Bf5 42. a4 Bc2 43. a5 Bf5 44. Be2 Be6 45. Bf3 Rb8 46. Rd4 Rb7 47.
Rd2 Rh7 48. Rd4 Rf7 49. Rd2 Rc7 50. Rd4 Rf7 51. Rd1 Rc7 1/2-1/2

[Event "DEM U16 2010"]
[Site "Oberhof GER"]
[Date "2010.05.23"]
[Round "2"]
[White "Mertens, Fridolin"]
[Black "Hager, Joshua Aarash"]
[Result "0-1"]
[Termination "normal"]
[Board "8"]
[WhiteElo "1877"]
[BlackElo "2221"]
[PlyCount "62"]
[WhiteFideId "24671940"]
[BlackFideId "24642789"]
[EventCountry "GER"]
[EventRounds "9"]
[EventType "swiss"]
[EventDate "2010.05.22"]

1. e4 c5 2. Nf3 e6 3. d4 cxd4 4. Nxd4 Nc6 5. Nc3 Qc7 6. Nxc6 bxc6 7. Bd3 d5 8.
O-O Nf6 9. Qe2 Be7 10. e5 Nd7 11. f4 Nc5 12. Kh1 Nxd3 13. cxd3 O-O 14. Bd2 Rb8
15. b3 f5 16. Rac1 Ba6 17. Rf3 Rfc8 18. Rh3 Bf8 19. Na4 Ba3 20. Nc5 Bb5 21.
Nxe6 Qe7 22. Nd4 Bxc1 23. Nxf5 Qe6 24. Qg4 Rc7 25. Bxc1 Kh8 26. Qg5 c5 27. Nd6
Bc6 28. Bb2 d4 29. Qh4 g5 30. fxg5 Rf8 31. Qe1 Qxh3 0-1

[Event "DEM U16 2010"]
[Site "Oberhof GER"]
[Date "2010.05.23"]
[Round "2"]
[White "Hampel, Felix"]
[Black "Grzeca, Pascal"]
[Result "1-0"]
[Termination "normal"]
[Board "9"]
[WhiteElo "2038"]
[BlackElo "1887"]
[PlyCount "57"]
[WhiteFideId "24668125"]
[BlackFideId "24600741"]
[EventCountry "GER"]
[EventRounds "9"]
[EventType "swiss"]
[EventDate "2010.05.22"]

1. e4 e5 2. Nf3 Nc6 3. Bb5 f5 4. d3 fxe4 5. dxe4 Nf6 6. Nc3 Bc5 7. O-O d6 8.
Bg5 h6 9. Bh4 Bg4 10. Qd3 Bxf3 11. Qxf3 O-O 12. Qd3 Nd4 13. Bc4+ Kh8 14. Nd5 g5
15. Bg3 Nh5 16. b4 Bb6 17. a4 Nf4 18. Bxf4 gxf4 19. c3 f3 20. cxd4 Qg5 21. g3
Bxd4 22. Ra2 c6 23. Nc7 Qh5 24. Re1 Rf4 25. Qf1 Raf8 26. gxf4 Rxf4 27. Be6 Rh4
28. h3 Qg5+ 29. Kh1 1-0

[Event "DEM U16 2010"]
[Site "Oberhof GER"]
[Date "2010.05.23"]
[Round "2"]
[White "Brodmann, Anton"]
[Black "Titgemeyer, Sven"]
[Result "0-1"]
[Termination "normal"]
[Board "10"]
[WhiteElo "1844"]
[BlackElo "1957"]
[PlyCount "52"]
[WhiteFideId "24655481"]
[BlackFideId "24676934"]
[EventCountry "GER"]
[EventRounds "9"]
[EventType "swiss"]
[EventDate "2010.05.22"]

1. e4 e5 2. Nf3 Nc6 3. d4 exd4 4. Bc4 Bc5 5. c3 Nf6 6. cxd4 Bb4+ 7. Bd2 Bxd2+
8. Nbxd2 d5 9. exd5 Nxd5 10. O-O O-O 11. Nb3 Bg4 12. Rc1 Nf6 13. Ba6 Nxd4 14.
Bxb7 Nxb3 15. axb3 Rb8 16. Qxd8 Rfxd8 17. Rxc7 Ne8 18. Re7 Kf8 19. Rfe1 Be6 20.
R7xe6 fxe6 21. Ba6 Rxb3 22. Ng5 Nc7 23. Bc4 Rxb2 24. Nxh7+ Ke7 25. Ng5 Rd4 26.
Bxe6 Re2 0-1

[Event "DEM U16 2010"]
[Site "Oberhof GER"]
[Date "2010.05.23"]
[Round "2"]
[White "Mirke, Roy"]
[Black "Frischmann, Rick"]
[Result "1-0"]
[Termination "normal"]
[Board "12"]
[WhiteElo "1797"]
[BlackElo "1948"]
[PlyCount "83"]
[WhiteFideId "24647306"]
[BlackFideId "24660752"]
[EventCountry "GER"]
[EventRounds "9"]
[EventType "swiss"]
[EventDate "2010.05.22"]

1. d4 d5 2. Nf3 c6 3. e3 Bf5 4. c4 e6 5. Nc3 Nf6 6. Qb3 Qc7 7. Bd2 Nbd7 8. Rc1
dxc4 9. Bxc4 Be7 10. O-O h6 11. Rfe1 Nb6 12. e4 Bg4 13. e5 Nfd7 14. Bd3 O-O 15.
Be4 Rfc8 16. h3 Bxf3 17. Bxf3 Nf8 18. d5 exd5 19. Nxd5 Qd8 20. Nxe7+ Qxe7 21.
Bg4 Ne6 22. f4 Rd8 23. Be3 Nd5 24. f5 Nxe3 25. Qxe3 Nd4 26. Rc4 Qg5 27. Qf2 Nb5
28. f6 Rd2 29. Qg3 Re8 30. h4 Qg6 31. Qf4 Rxb2 32. e6 fxe6 33. Rxe6 Rxe6 34.
Bxe6+ Kh7 35. Bf5 Rxg2+ 36. Kf1 Rg1+ 37. Kf2 Rg2+ 38. Kf3 Rg3+ 39. Ke4 Nd6+ 40.
Qxd6 Rg4+ 41. Qf4 Rxf4+ 42. Kxf4 1-0